Statistics for Coldest Countries

Click here to take the quiz!

General Stats

  • This quiz has been taken 2,031 times
    (520 since last reset)
  • The average score is 20 of 25

Answer Stats

TemperatureCountry% Correct
-63.0 °CCanada
99%
-68.0 °CRussia
99%
-51.4 °CNorway
98%
-62.0 °CUnited States
97%
-53.0 °CSweden
97%
-51.5 °CFinland
96%
-52.3 °CChina
91%
-45.9 °CGermany
86%
-41.0 °CPoland
83%
-43.5 °CEstonia
83%
-42.9 °CLithuania
81%
-41.8 °CSwitzerland
81%
-43.2 °CLatvia
81%
-41.0 °CFrance
79%
-41.9 °CUkraine
78%
-41.0 °CJapan
78%
-42.2 °CBelarus
78%
-43.6 °CNorth Korea
71%
-45.0 °CNepal
70%
-42.2 °CCzech Republic
68%
-41.0 °CSlovakia
66%
-50.0 °CIndia
65%
-48.3 °CItaly
64%
-46.4 °CTurkey
47%
-42.0 °CBosnia and Herzegovina
31%

Score Distribution

Percentile by Number Answered

Percent of People with Each Score

Your Score History

You have not taken this quiz since the last reset